Foe / (Record no. 174470)
[ view plain ]
| 000 -LEADER | |
|---|---|
| fixed length control field | 00750cam a2200265 a 4500 |
| 001 - CONTROL NUMBER | |
| control field | 1954039 |
| 003 - CONTROL NUMBER IDENTIFIER | |
| control field | Nust |
| 005 - DATE AND TIME OF LATEST TRANSACTION | |
| control field | 20180726094404.0 |
| 008 - FIXED-LENGTH DATA ELEMENTS--GENERAL INFORMATION | |
| fixed length control field | 870317s1986 sa 000 1 eng |
| 010 ## - LIBRARY OF CONGRESS CONTROL NUMBER | |
| LC control number | 87122259 |
| 020 ## - INTERNATIONAL STANDARD BOOK NUMBER | |
| International Standard Book Number | 9780140096231 |
| Terms of availability | Rs. 636 |
| 038 ## - RECORD CONTENT LICENSOR | |
| Staff Name | Arshad |
| 040 ## - CATALOGING SOURCE | |
| Original cataloging agency | DLC |
| Transcribing agency | DLC |
| Modifying agency | DLC |
| -- | OCoLC |
| -- | DLC |
| 050 00 - LIBRARY OF CONGRESS CALL NUMBER | |
| Classification number | PR9369.3.C58 |
| Item number | F6 1986c |
| 082 00 - DEWEY DECIMAL CLASSIFICATION NUMBER | |
| Classification number | 823 |
| Author Mark | COE |
| 100 1# - MAIN ENTRY--PERSONAL NAME | |
| Personal name | Coetzee, J. M., |
| Dates associated with a name | 1940- |
| 9 (RLIN) | 1059 |
| 245 10 - TITLE STATEMENT | |
| Title | Foe / |
| Statement of responsibility, etc. | J.M. Coetzee. |
| 260 ## - PUBLICATION, DISTRIBUTION, ETC. | |
| Place of publication, distribution, etc. | Johannesburg : |
| Name of publisher, distributor, etc. | Ravan Press, |
| Date of publication, distribution, etc. | 1986. |
| 300 ## - PHYSICAL DESCRIPTION | |
| Extent | 157 p. ; |
| Dimensions | 22 cm. |
| 650 #0 - SUBJECT ADDED ENTRY--TOPICAL TERM | |
| Topical term or geographic name entry element | Survival |
| Form subdivision | Fiction. |
| 9 (RLIN) | 1060 |
| 655 #7 - INDEX TERM--GENRE/FORM | |
| Genre/form data or focus term | Allegories. |
| Source of term | gsafd |
| 9 (RLIN) | 1061 |
| 655 #7 - INDEX TERM--GENRE/FORM | |
| Genre/form data or focus term | Didactic fiction. |
| Source of term | gsafd |
| 9 (RLIN) | 1062 |
| 906 ## - LOCAL DATA ELEMENT F, LDF (RLIN) | |
| a | 7 |
| b | cbc |
| c | orignew |
| d | 2 |
| e | ncip |
| f | 19 |
| g | y-gencatlg |
| 942 ## - ADDED ENTRY ELEMENTS (KOHA) | |
| Source of classification or shelving scheme | |
| Koha item type | Book |
| Withdrawn status | Lost status | Source of classification or shelving scheme | Damaged status | Not for loan | Collection code | Permanent Location | Current Location | Shelving location | Date acquired | Total Checkouts | Full call number | Barcode | Date last seen | Date last checked out | Copy number | Price effective from | Koha item type |
|---|---|---|---|---|---|---|---|---|---|---|---|---|---|---|---|---|---|
| Central Library (CL) | Central Library (CL) | Fiction | 01/27/2017 | 3 | 823 COE | CL1738 | 10/29/2025 | 09/30/2025 | 1 | 01/27/2017 | Book |
